| 000 | 00939nam a2200313Ia 4500 | ||
|---|---|---|---|
| 001 | Z_5715 | ||
| 003 | CHAP | ||
| 008 | 220113s2008 xx 000 0 und d | ||
| 010 | _a168819 | ||
| 040 | _cCHAP | ||
| 090 | _aTesis F 2104 | ||
| 100 |
_aFernández Hernández, Hugo Rafael _940206 |
||
| 245 |
_aPerfil del rebrote de la asociación alfalfa-ovillo en primavera / _cHugo Rafael Fernández Hernández |
||
| 260 |
_aChapingo, Méx. : _bEl autor, _c2008 |
||
| 300 | _a42 h. | ||
| 502 | _aTesis (Ing. Agr. Esp. en Zootecnia) -- UACH. Departamento de Zootecnia | ||
| 650 |
_aAlfalfa como forraje _93899 |
||
| 650 |
_aAlfalfa _xAnálisis _93848 |
||
| 650 |
_aAlfalfa _xCrecimiento _93858 |
||
| 650 |
_aAlfalfa _xProteínas _93884 |
||
| 650 |
_aAlfalfa _xVariedades _93893 |
||
| 650 |
_aForrajes _xRendimiento _942593 |
||
| 901 | _aTESIS F 2104 | ||
| 902 | _aM | ||
| 910 | _a2008 | ||
| 942 | _c2 | ||
| 942 | _c2 | ||
| 999 |
_c168819 _d168819 |
||